000 00636nam a2200229 i 4500
001 C2-0253967
003 PPAK
005 20180727221435.0
008 040414s2003 my a|||| ||||| | may d
020 _a967912066X
040 _aPPAK
_beng
_cPPAK
_erda
082 0 4 _a959.5112
_223
090 0 0 _a959.5112
_bWAR
_dKK
245 0 0 _aWarisan sejarah Kedah Darul Aman
264 1 _aKuala Lumpur :
_bAkib Negara Malaysia ,
_c2003
300 _a48 pages :
_bcolour illustrations ;
_c26 cm
336 _2rdacontent
_atext
337 _2rdamedia
_aunmediated
338 _2rdacarrier
_avolume
650 1 0 _aKedah - History.
942 _ddc
_cB
999 _c66748
_d66748